00539nam a22001937a 450000500170000000800410001702000180005804000070007604100120008308200220009510000480011724500550016526000660022030000220028644000130030865000080032165000070032965000090033620250809091902.0230613b ||||| |||| 00| 0 eng d a9788184410396 cAL aEnglish 223a657.042bINSM aInstitute of Charted Acoountants of India  aModel Test Papersb: Common Proficiency Test Vol 1 aNew DelhibInstitute of Chartered Accountants of India c2015 a828pbPBc25x20cm aVolume I aCPT aCA aICAI